Vincitori Premier League - Statistics

Statistiche generali
  • Questo quiz è stato fatto 842 volte
    429 dall'ultimo reset
  • Il punteggio medio è 100 su 126
Statistiche sulle risposte
Edizione Campioni % Corretto
1900-1901 | 1905-1906 | 1921-1922 | +17 others Liverpool
100%
1936-1937 | 1967-1968 | 2011-2012 | +6 others Manchester City
100%
2018-2019 Manchester CIty
100%
1907-1908 | 1910-1911 | 1951-1952 | +17 others Manchester United
100%
1954-1955 | 2004-2005 | 2005-2006 | +3 others Chelsea
98%
1930-1931 | 1932-1933 | 1933-1934 | +10 others Arsenal
96%
2015-2016 Leicester
91%
1893-1894 | 1895-1896 | 1896-1897 | +4 others Aston Villa
81%
1950-1951 | 1960-1961 Tottenham
81%
1890-1891 | 1914-1915 | 1927-1928 | +6 others Everton
76%
1977-1978 Nottingham Forest
74%
1904-1905 | 1906-1907 | 1908-1909 | 1926-1927 Newcastle United
72%
1968-1969 | 1973-1974 | 1991-1992 Leeds United
65%
1911-1912 | 1913-1914 | 1994-1995 Blackburn
54%
1891-1892 | 1892-1893 | 1894-1895 | +3 others Sunderland
53%
1920-1921 | 1959-1960 Burnley
40%
1897-1898 Sheffield United
38%
1953-1954 | 1957-1958 | 1958-1959 Wolverhampton
37%
1961-1962 Ipswich Town
32%
1971-1972 | 1974-1975 Derby County
30%
1902-1903 | 1903-1904 | 1928-1929 | 1929-1930 Sheffield Wednesday
30%
1919-1920 West Bromwich
25%
1888-1889 | 1889-1890 Preston North End
23%
1948-1949 | 1949-1950 Portsmouth
18%
1923-1924 | 1924-1925 | 1925-1926 Huddersfield Town
14%
Nessun quiz corrispondente trovato
Distribuzione punteggi
Percentuale di utenti per punteggio
Percentile per numero di risposta
I tuoi punteggi nel tempo
Non hai fatto questo quiz dall'ultimo reset